[Event "Superturnier"]
[Site "Computer"]
[Date "2021.10.14"]
[Round "1"]
[White "Mephisto RISC 1MB"]
[Black "Mephisto Berlin Pro 68020"]
[Result "1-0"]
[WhiteElo "2200"]
[BlackElo "2200"]
[PlyCount "199"]
[EventDate "2021.??.??"]

1. e4 d6 2. d4 Nf6 3. Nc3 g6 4. f4 Bg7 5. Nf3 c5 6. dxc5 Qa5 7. Bd3 Qxc5 8. Qe2
Bg4 9. Nb5 O-O 10. Be3 Qc6 11. h3 Bxf3 12. Qxf3 Nfd7 13. Nd4 Qb6 14. Nb3 Qc6
15. c3 a6 16. O-O Rc8 17. Rad1 Rc7 18. Bc2 Qa4 19. a3 Qb5 20. Rd5 Qc4 21. Rfd1
Nf6 22. R5d4 Qe6 23. R4d2 Nc6 24. Bb6 Rcc8 25. Bf2 Qc4 26. e5 dxe5 27. fxe5
Nxe5 28. Qxb7 e6 29. Nc5 Qb5 30. Qxb5 axb5 31. Bb3 Nc4 32. Bxc4 bxc4 33. Rd4
Rab8 34. Rxc4 Rxb2 35. Nxe6 Ra8 36. Nxg7 Kxg7 37. Bd4 Ra6 38. Rf1 Rd2 39. Kh2
h6 40. a4 g5 41. h4 Kg6 42. Rxf6+ Rxf6 43. Bxf6 Kxf6 44. Rc6+ Kf5 45. Rxh6 Ra2
46. hxg5 Rxa4 47. Rf6+ Kxg5 48. Rxf7 Rc4 49. Rf3 Kg4 50. Rd3 Kf5 51. Kg3 Rc7
52. Re3 Rc4 53. Kf3 Rc7 54. Ke2 Kg4 55. Rf3 Rb7 56. Ke3 Ra7 57. c4 Re7+ 58. Kd3
Rd7+ 59. Ke4 Re7+ 60. Kd5 Rd7+ 61. Ke6 Rd4 62. c5 Rc4 63. Kd5 Rc2 64. Rf8 Rd2+
65. Ke6 Rc2 66. Kd6 Rd2+ 67. Kc7 Rb2 68. Rb8 Rc2 69. Rg8+ Kf5 70. c6 Ke6 71. g3
Kf7 72. Rg4 Ke6 73. Rb4 Kd5 74. Rb5+ Ke6 75. Rb6 Rc3 76. Kb8 Kf5 77. c7 Kg4 78.
Rg6+ Kf5 79. Rg8 Rb3+ 80. Ka7 Ra3+ 81. Kb6 Rb3+ 82. Ka5 Rc3 83. c8=Q+ Rxc8 84.
Rxc8 Kg4 85. Rg8+ Kf5 86. g4+ Kf6 87. Kb4 Kf7 88. Rg5 Kf6 89. Rd5 Kg6 90. Kc5
Kg7 91. g5 Kg6 92. Kd6 Kf7 93. Ra5 Kg6 94. Ke6 Kg7 95. Ra1 Kg6 96. Rg1 Kg7 97.
g6 Kh6 98. g7 Kh5 99. g8=Q Kh4 100. Qh7# 1-0

[Event "Superturnier"]
[Site "Computer"]
[Date "2021.10.14"]
[Round "1"]
[White "Fidelity Excel 68020 Mach IV"]
[Black "Saitek RISC 2500 v1.04"]
[Result "0-1"]
[WhiteElo "2200"]
[BlackElo "2200"]
[Annotator "Pillen,Markus"]
[PlyCount "172"]
[EventDate "2021.??.??"]

{[%evp 0,101,19,20,46,51,74,69,78,38,34,32,82,63,41,35,34,16,57,9,-30,-64,-50,
-80,-77,-77,-82,-38,-45,-59,-41,-43,-43,-31,-20,-15,-25,-17,0,0,3,7,0,0,0,0,-2,
-26,-24,-82,-125,-136,-133,-136,-140,-140,-148,-166,-158,-158,-123,-122,-78,
-227,-237,-243,-235,-249,-252,-269,-224,-256,-266,-294,-279,-279,-293,-329,
-280,-321,-309,-312,-315,-359,-361,-333,-343,-390,-410,-411,-374,-353,-364,
-378,-421,-429,-363,-383,-355,-365,-402,-407,-286,-298]} 1. e4 c5 2. Nf3 d6 3.
d4 cxd4 4. Nxd4 Nf6 5. Nc3 g6 6. Be3 Bg7 7. f3 O-O 8. Qd2 d5 9. Ndb5 a6 10. Na7
dxe4 11. Qxd8 Rxd8 12. Nxc8 Rxc8 13. fxe4 Ng4 14. Bd2 Nd7 15. Be2 Nge5 16.
O-O-O e6 17. Be3 b5 18. Rhf1 Rc7 19. Kb1 Nc6 20. Bf4 Rb7 21. Rd6 Rc8 22. Rfd1
Rcc7 23. R6d3 Be5 24. g3 Bxf4 25. gxf4 Nc5 26. Rd6 b4 27. Nd5 exd5 28. exd5 Na7
29. Bxa6 Nxa6 30. Rxa6 Rc4 31. Rf1 Rd4 32. Rd6 Rd2 33. Rd8+ Kg7 34. f5 Rxh2 35.
f6+ Kh6 36. Re8 Rb6 37. Ree1 Rh5 38. Rh1 Rxf6 39. Kc1 Nb5 40. Rxh5+ Kxh5 41.
Rh1+ Kg5 42. Rxh7 Rf5 43. a4 bxa3 44. bxa3 Nxa3 45. Kb2 Rf3 46. c3 Nc4+ 47. Kb3
Nd2+ 48. Kb4 Rf4+ 49. Kb5 Ne4 50. Rh3 f5 51. Rd3 Nd6+ 52. Kc5 Nb7+ 53. Kc6 Nd8+
54. Kd7 Nf7 55. Ke6 Nh6 56. d6 Re4+ 57. Kd5 Nf7 58. d7 Kf6 59. Kc5 Ke7 60. Rd2
Kd8 61. Rb2 Kxd7 62. Rb7+ Ke8 63. Rb4 Re5+ 64. Kd4 Re1 65. Kd3 g5 66. Kd2 Ra1
67. Kc2 Ke7 68. c4 Ne5 69. Rb7+ Kd6 70. Rb6+ Kc5 71. Rb5+ Kd4 72. c5 Kc4 73.
Rb8 g4 74. Rf8 g3 75. c6 g2 76. c7 Ra2+ 77. Kb1 g1=Q+ 78. Kxa2 Qf2+ 79. Kb1
Qb6+ 80. Kc2 Qb3+ 81. Kd2 Nf3+ 82. Ke2 Nd4+ 83. Ke1 Qe3+ 84. Kf1 Qe2+ 85. Kg1
Nf3+ 86. Kh1 Qf1# 0-1

[Event "Superturnier"]
[Site "Computer"]
[Date "2021.10.14"]
[Round "1"]
[White "Fidelity Excel 68020 Mach IV"]
[Black "Mephisto RISC 1MB"]
[Result "0-1"]
[WhiteElo "2200"]
[BlackElo "2200"]
[Annotator "Pillen,Markus"]
[PlyCount "68"]
[EventDate "2021.??.??"]

{[%evp 0,68,13,30,23,28,9,20,20,-2,-11,-1,13,1,-3,12,10,-13,9,30,21,40,33,38,
40,37,37,45,16,20,28,14,13,17,52,57,57,15,14,-1,5,-79,-102,-255,-159,-323,-304,
-1700,-1469,-29979,-29980,-29981,-29982,-29983,-29984,-29985,-29986,-29987,
-29988,-29989,-29990,-29991,-29992,-29993,-29994,-29995,-29996,-29997,-29998,
-29999,-30000]} 1. e4 e5 2. Nf3 Nc6 3. Bb5 a6 4. Ba4 Nf6 5. O-O Be7 6. Re1 b5
7. Bb3 O-O 8. c3 d5 9. exd5 Nxd5 10. Nxe5 Nxe5 11. Rxe5 c6 12. d4 Bd6 13. Re1
Qh4 14. g3 Qh3 15. Be3 Bg4 16. Qd3 Rae8 17. Nd2 Re6 18. Bxd5 cxd5 19. a4 bxa4
20. Rxa4 f5 21. Rxa6 f4 22. Rxd6 fxe3 23. Rxe6 exf2+ 24. Kh1 fxe1=Q+ 25. Rxe1
Rf2 26. Re8+ Kf7 27. Re7+ Kf6 28. Re6+ Bxe6 29. Qf3+ Rxf3 30. Kg1 Rd3 31. Ne4+
dxe4 32. Kf2 Qxh2+ 33. Ke1 Qg1+ 34. Ke2 Bg4# 0-1

[Event "Superturnier"]
[Site "Computer"]
[Date "2021.10.14"]
[Round "1"]
[White "Saitek RISC 2500 v1.04"]
[Black "Mephisto Berlin Pro 68020"]
[Result "0-1"]
[WhiteElo "2200"]
[BlackElo "2200"]
[Annotator "Pillen,Markus"]
[PlyCount "98"]
[EventDate "2021.??.??"]

{[%evp 0,80,24,28,9,9,5,5,0,6,15,2,10,3,30,9,18,23,31,-35,-33,-32,-32,-49,-49,
-47,-47,-37,-40,-39,-43,-38,-42,-28,-31,-26,-30,-32,-32,-35,-32,-35,-34,-53,
-53,-44,-77,-55,-83,-83,-94,-109,-111,-135,-139,-148,-165,-168,-211,-269,-319,
-380,-523,-523,-767,-827,-951,-1127,-1014,-1144,-982,-1076,-1100,-1109,-1176,
-1252,-1299,-1301,-1285,-1477,-1964,-1884,-29914]} 1. e4 e5 2. Nc3 Nf6 3. Bc4
Nc6 4. d3 Na5 5. Bb3 Bb4 6. Nf3 Nxb3 7. axb3 d5 8. O-O Bg4 9. Bg5 Bxc3 10. bxc3
dxe4 11. dxe4 Qxd1 12. Rfxd1 Nxe4 13. Rxa7 O-O 14. Rxa8 Rxa8 15. Rd8+ Rxd8 16.
Bxd8 Bxf3 17. gxf3 Nxc3 18. Bxc7 f6 19. Kf1 Kf7 20. Ba5 Nb5 21. Bb6 Ke6 22. Ke2
Nd4+ 23. Bxd4 exd4 24. f4 Kf5 25. Kf3 b5 26. b4 g6 27. Ke2 Kxf4 28. Kd3 Ke5 29.
h3 h5 30. Ke2 g5 31. Kd3 h4 32. Ke2 Kd5 33. Kf3 Kc4 34. Ke4 Kxb4 35. Kxd4 g4
36. hxg4 h3 37. f4 h2 38. g5 fxg5 39. fxg5 h1=Q 40. c3+ Kb3 41. Kc5 Qb7 42. g6
Kxc3 43. g7 Qxg7 44. Kc6 b4 45. Kd6 b3 46. Ke6 b2 47. Kd6 b1=Q 48. Kd5 Qbg6 49.
Kc5 Qe5# 0-1

[Event "Superturnier"]
[Site "Computer"]
[Date "2021.10.14"]
[Round "1"]
[White "Mephisto RISC 1MB"]
[Black "Saitek RISC 2500 v1.04"]
[Result "1-0"]
[WhiteElo "2200"]
[BlackElo "2200"]
[Annotator "Pillen,Markus"]
[PlyCount "183"]
[EventDate "2021.??.??"]

{[%evp 0,132,30,9,92,69,53,43,28,21,34,37,70,58,63,30,55,57,57,63,60,75,75,48,
50,45,48,40,40,53,52,25,26,-8,-5,-5,-4,-5,0,-8,-4,-14,-4,1,0,7,3,6,-3,0,9,9,10,
5,6,0,0,2,13,0,1,-3,-14,-15,0,0,0,6,13,-9,-10,-13,-12,-20,0,4,50,51,52,48,56,
42,67,42,67,67,67,67,136,67,151,67,67,67,67,67,67,67,67,67,67,67,67,56,60,67,
252,264,257,279,351,398,433,464,469,481,493,514,607,657,692,691,841,841,1072,
1130,1244,1361,1393,1421,1464,1497,1485,1519,1616]} 1. e4 Nf6 2. e5 Nd5 3. d4
d6 4. Nf3 Bg4 5. Be2 c6 6. c4 Nb6 7. Nbd2 dxe5 8. Nxe5 Bxe2 9. Qxe2 N8d7 10.
O-O e6 11. Ndf3 Be7 12. Rd1 O-O 13. Bf4 Nxe5 14. dxe5 Qc7 15. Rac1 Rfd8 16. Ng5
Rxd1+ 17. Rxd1 Rd8 18. Rxd8+ Qxd8 19. Nf3 Na4 20. Kf1 Nc5 21. Be3 Nd7 22. b3
Qa5 23. Qd2 Qxd2 24. Bxd2 f6 25. Bc3 Kf7 26. Ke2 a6 27. exf6 gxf6 28. Nd2 h5
29. h3 b5 30. Kd3 b4 31. Bb2 a5 32. Ke3 Bc5+ 33. Bd4 Bf8 34. Kd3 e5 35. Be3 f5
36. Ke2 f4 37. Ba7 Be7 38. Ne4 c5 39. g4 fxg3 40. fxg3 Kg7 41. g4 h4 42. Kd2
Kg6 43. Kd3 Kh6 44. Ke3 Kh7 45. Kf2 Kg7 46. Ke2 Kf7 47. Ke1 Bf8 48. Kf2 Ke6 49.
Ke3 Be7 50. Kf3 Bf8 51. Ng5+ Kd6 52. Ke4 Kc6 53. Kf5 Kb7 54. Ke6 Kc6 55. Ne4
Bg7 56. g5 Bf8 57. g6 Bh6 58. Kf7 a4 59. bxa4 Kb7 60. Bxc5 Nxc5 61. Nxc5+ Kb6
62. Nd7+ Kc7 63. Nxe5 Kd6 64. Ng4 Bf4 65. g7 Kc5 66. g8=Q Kxc4 67. Qd8 Bg3 68.
Ne3+ Kc3 69. Nf1 b3 70. Nxg3 hxg3 71. Qc7+ Kd4 72. Qd6+ Ke4 73. Ke6 bxa2 74.
Qb4+ Kf3 75. Qa3+ Kg2 76. Qxa2+ Kh1 77. Qa1+ Kh2 78. Qb1 g2 79. Qa2 Kxh3 80.
Qf2 Kh2 81. Kd5 Kh1 82. Qh4+ Kg1 83. Kd4 Kf1 84. Qh3 Kf2 85. Qh2 Kf3 86. a5 Kf2
87. a6 Kf1 88. Kd3 Kf2 89. a7 Kf1 90. a8=Q Kf2 91. Qaxg2+ Ke1 92. Qe2# 1-0

[Event "Superturnier"]
[Site "Computer"]
[Date "2021.10.14"]
[Round "1"]
[White "Mephisto Berlin Pro 68020"]
[Black "Fidelity Excel 68020 Mach IV"]
[Result "0-1"]
[WhiteElo "2200"]
[BlackElo "2200"]
[Annotator "Pillen,Markus"]
[PlyCount "160"]
[EventDate "2021.??.??"]

{[%evp 0,160,26,9,51,51,79,48,66,32,32,33,48,38,68,23,19,22,46,13,4,18,18,16,
20,16,24,-21,-7,-1,-1,39,-3,15,4,13,-2,-2,47,47,71,80,76,79,69,49,56,57,73,110,
124,120,103,105,111,89,111,43,85,82,93,93,116,133,143,132,163,151,155,136,138,
107,108,76,71,53,50,51,52,50,50,0,22,0,0,0,0,0,0,0,0,0,0,0,0,0,0,0,0,-19,-12,
-29,-33,-40,-52,-36,-43,-47,-45,-50,-50,-43,0,-3,0,-42,-52,-55,-57,-54,-51,-52,
-52,-517,-547,-962,-992,-1002,-1012,-1172,-1172,-1172,-1172,-1194,-1439,-1429,
-1429,-1439,-1012,-1022,-29978,-29979,-29980,-29981,-29982,-29983,-29974,
-29985,-29986,-29989,-29990,-29991,-29992,-29993,-29992,-29993,-29994,-29995,
-29996,-29997,-29998,-29999,-30000]} 1. e4 c5 2. Nf3 d6 3. d4 cxd4 4. Nxd4 Nf6
5. Nc3 a6 6. Bg5 e6 7. f4 Be7 8. Qf3 Qc7 9. O-O-O Nbd7 10. g4 b5 11. Bxf6 Nxf6
12. g5 Nd7 13. f5 Nc5 14. h4 b4 15. Nb1 Bb7 16. fxe6 O-O 17. exf7+ Rxf7 18. Bc4
d5 19. exd5 Bxg5+ 20. hxg5 Rxf3 21. d6+ Qf7 22. Bxf7+ Rxf7 23. Rhe1 Ne4 24. Ne6
Rd7 25. Rd4 Rc8 26. Rexe4 Bxe4 27. Rxe4 Rxd6 28. Nf4 Rcd8 29. c3 bxc3 30. Nxc3
h6 31. Re5 Rc8 32. Kb1 Rd2 33. gxh6 gxh6 34. Re6 Rc4 35. Nfd5 Rh4 36. Kc1 Rhh2
37. Rxh6 Rc2+ 38. Kd1 Rcd2+ 39. Ke1 Rxb2 40. Rg6+ Kf7 41. Rf6+ Kg7 42. Rf1 Rbc2
43. a4 a5 44. Rg1+ Kf7 45. Nd1 Rce2+ 46. Kf1 Ra2 47. N5c3 Rac2 48. Ne4 Kf8 49.
Nef2 Rh4 50. Ng4 Ra2 51. Ke1 Rxa4 52. Nge3 Ra2 53. Rf1+ Ke8 54. Nc3 Rb2 55. Kd1
Rh3 56. Ned5 Rhh2 57. Nf6+ Kd8 58. Nfd5 a4 59. Ne3 a3 60. Kc1 a2 61. Rf8+ Ke7
62. Ra8 Rb1+ 63. Nxb1 Rh1+ 64. Kd2 axb1=Q 65. Ra7+ Kd6 66. Ra6+ Kc5 67. Ra5+
Kb4 68. Rg5 Rh2+ 69. Rg2 Rxg2+ 70. Nxg2 Qb2+ 71. Ke3 Qxg2 72. Kf4 Kc4 73. Kf5
Kd5 74. Kf4 Qe4+ 75. Kg3 Qe3+ 76. Kh2 Ke4 77. Kg2 Qf3+ 78. Kg1 Qe2 79. Kh1 Kf3
80. Kg1 Qg2# 0-1

[Event "Superturnier"]
[Site "Computer"]
[Date "2021.10.14"]
[Round "2"]
[White "Mephisto Berlin Pro 68020"]
[Black "Mephisto RISC 1MB"]
[Result "1-0"]
[WhiteElo "2200"]
[BlackElo "2200"]
[Annotator "Pillen,Markus"]
[PlyCount "221"]
[EventDate "2021.??.??"]

{[%evp 0,206,20,21,9,12,21,20,13,11,37,24,58,72,5,11,29,-34,44,-39,3,-27,56,-9,
39,-31,16,11,3,5,28,27,29,25,2,0,0,0,0,23,40,22,72,87,73,87,139,139,181,161,
147,153,152,160,234,278,240,291,286,184,184,188,188,188,188,193,196,90,91,80,
92,112,136,150,159,169,143,143,143,147,147,147,147,147,147,147,147,147,147,147,
147,147,147,147,147,147,147,147,147,147,147,147,147,147,225,163,227,147,147,
147,147,147,147,147,147,147,237,147,147,147,225,147,147,147,147,147,147,147,
147,147,147,120,112,112,103,107,76,86,180,195,211,213,227,237,235,236,267,276,
294,304,298,287,271,252,298,318,332,356,373,306,373,319,358,352,358,366,409,
359,368,349,373,358,382,384,398,347,346,385,385,397,426,421,428,458,476,492,
509,509,1016,1016,1015,1015,1015,1015,1022,1032,1032,1032,1032,29970,29975,
29976,29977,29974,29979,29980,29983,29984,29989]} 1. e4 e5 2. Nf3 Nc6 3. Bb5
Bc5 4. c3 Nf6 5. O-O O-O 6. d4 Bb6 7. Bg5 h6 8. Bh4 d6 9. a4 a5 10. Re1 Qe7 11.
Na3 g5 12. Bxc6 bxc6 13. dxe5 dxe5 14. Bg3 Nh5 15. Nc4 Nxg3 16. hxg3 Rd8 17.
Qc2 f6 18. Nxb6 cxb6 19. Qb3+ Be6 20. Qxb6 Rab8 21. Qxa5 g4 22. Nh4 Rxb2 23.
Reb1 Rbd2 24. Qb6 c5 25. a5 R2d6 26. Qb5 Rd2 27. a6 Qa7 28. Qc6 R2d6 29. Qb7
Ra8 30. Qxa7 Rxa7 31. Rb8+ Kf7 32. Rb7+ Rd7 33. Rxd7+ Bxd7 34. Nf5 Bxf5 35.
exf5 h5 36. f4 exf4 37. gxf4 h4 38. Kh2 Kg7 39. c4 Kf7 40. Kg1 Kf8 41. Ra2 Kg7
42. Ra5 Kf8 43. Ra3 Kf7 44. Kh2 Kf8 45. Ra2 Kf7 46. Kh1 Kf8 47. Ra1 Kf7 48. Kh2
Kf8 49. Ra3 Kf7 50. Kg1 Kg7 51. Kf2 Kh6 52. Ra4 Kh7 53. Kg1 Kg8 54. Kf1 Kf7 55.
Ra1 Kf8 56. Kf2 Kf7 57. Ra2 Kg7 58. Ra5 Kf8 59. Ra3 Kg8 60. Kf1 Kf8 61. Ra1 Kg8
62. Ra5 Kg7 63. Ra2 Kg8 64. Ke2 Kf7 65. Ke3 Ke7 66. Ra1 Kd6 67. Kf2 Kc6 68. Rh1
g3+ 69. Kf3 Rxa6 70. Rxh4 Kb6 71. Rh8 Ra3+ 72. Kg4 Ra2 73. Kxg3 Ra3+ 74. Kg4
Ra2 75. g3 Kc7 76. Re8 Rh2 77. Re7+ Kd8 78. Re6 Rh6 79. Rc6 Kd7 80. Rxc5 Kd6
81. Rc8 Kd7 82. Rf8 Kd6 83. Kf3 Ke7 84. Rg8 Kf7 85. Rb8 Rh2 86. Rb7+ Ke8 87.
Ke4 Rg2 88. Rg7 Kf8 89. Rg6 Kf7 90. g4 Re2+ 91. Kd3 Rf2 92. g5 fxg5 93. fxg5
Rxf5 94. Rf6+ Rxf6 95. gxf6 Ke6 96. Kd4 Kxf6 97. Kd5 Ke7 98. Kc6 Ke6 99. c5 Ke7
100. Kb7 Ke6 101. c6 Kd6 102. c7 Kc5 103. c8=Q+ Kd5 104. Qf5+ Kd4 105. Kc6 Kc4
106. Qe4+ Kc3 107. Kc5 Kb2 108. Kb4 Kc1 109. Qe2 Kb1 110. Kb3 Kc1 111. Qe1# 1-0

[Event "Superturnier"]
[Site "Computer"]
[Date "2021.10.14"]
[Round "2"]
[White "Saitek RISC 2500 v1.04"]
[Black "Fidelity Excel 68020 Mach IV"]
[Result "1-0"]
[WhiteElo "2200"]
[BlackElo "2200"]
[Annotator "Pillen,Markus"]
[PlyCount "97"]
[EventDate "2021.??.??"]

{[%evp 0,77,20,12,21,7,-55,-19,-33,-32,-30,-31,7,8,44,29,64,64,57,-83,-83,-50,
-50,-54,10,-1,66,-173,-196,-259,-92,-80,-61,-98,-69,-69,-93,-93,-4,0,0,-36,65,
20,84,55,49,108,35,-2,28,66,65,49,125,139,139,105,865,953,953,975,1006,1013,
1156,1199,1196,1196,1218,1255,1488,1578,1474,1620,1663,1806,2515,2515,2716,
2716]} 1. e4 e5 2. f4 exf4 3. Nf3 g5 4. h4 g4 5. Ne5 Nf6 6. Bc4 Qe7 7. d4 d6 8.
Nxf7 Rg8 9. Ng5 d5 10. Be2 dxe4 11. Bc4 Qb4+ 12. Nd2 Rg7 13. Be6 Bxe6 14. Nxe6
e3 15. c3 exd2+ 16. Bxd2 Qxb2 17. Nxg7+ Bxg7 18. O-O f3 19. gxf3 gxf3 20. Rxf3
Kd8 21. Rf2 Qa3 22. Qf3 Kc8 23. Rb1 c6 24. Bf4 Nbd7 25. Re1 Qf8 26. Rfe2 a5 27.
Re7 Bh8 28. Qg3 Ra6 29. Bb8 Qd8 30. Re8 Nxe8 31. Rxe8 Be5 32. Rxd8+ Kxd8 33.
Qg8+ Ke7 34. dxe5 Nxe5 35. Qg5+ Kf7 36. Qf5+ Kg8 37. Bxe5 c5 38. Qc8+ Kf7 39.
Qxb7+ Ke6 40. Bb8 a4 41. Qxa6+ Ke7 42. Qxa4 h6 43. Qe4+ Kd7 44. Qd5+ Ke8 45.
Qe6+ Kf8 46. Bd6+ Kg7 47. h5 c4 48. Qg6+ Kh8 49. Be5# 1-0

[Event "Superturnier"]
[Site "Computer"]
[Date "2021.10.14"]
[Round "2"]
[White "Mephisto RISC 1MB"]
[Black "Fidelity Excel 68020 Mach IV"]
[Result "1-0"]
[WhiteElo "2200"]
[BlackElo "2200"]
[Annotator "Pillen,Markus"]
[PlyCount "117"]
[EventDate "2021.??.??"]

{[%evp 0,117,20,9,21,27,13,13,25,-11,-1,-40,8,8,4,4,12,14,20,22,0,1,22,15,54,
37,38,38,38,48,89,164,171,140,184,146,173,174,167,155,163,161,141,141,170,165,
190,141,145,148,154,109,109,60,96,112,115,81,85,85,69,74,93,86,86,106,121,128,
152,126,134,160,176,176,219,187,244,265,257,259,320,312,365,379,493,498,498,
510,568,587,594,623,732,787,1321,1408,1441,1485,1528,1548,1566,1600,1689,2064,
29981,29986,29987,29988,29989,29990,29991,29992,29993,29994,29995,29996,29997,
29998,29999,-30000]} 1. e4 e5 2. Nf3 Nc6 3. Bb5 a6 4. Ba4 Nf6 5. d4 Nxe4 6. Qe2
b5 7. Qxe4 d5 8. Qe3 bxa4 9. Nxe5 Nxe5 10. O-O Be6 11. Qxe5 Be7 12. Qxg7 Bf6
13. Qg3 Bxd4 14. Nc3 Qd7 15. Rd1 Bxc3 16. Qxc3 O-O-O 17. Bg5 Rde8 18. Bf4 Rhg8
19. Rd4 Rg6 20. Qa5 Qc6 21. Re1 Reg8 22. g3 Qb6 23. Qxb6 cxb6 24. Rxa4 Kb7 25.
Kg2 Re8 26. Be5 h5 27. Rh4 Bf5 28. Rxh5 Bxc2 29. Re3 Rge6 30. Bd4 Bg6 31. Rg5
Be4+ 32. f3 Bb1 33. Rxe6 fxe6 34. a3 Rc8 35. Rg7+ Kc6 36. h4 Kb5 37. Kf2 Rc2+
38. Ke3 Kc6 39. Be5 Kb5 40. Re7 Rc6 41. h5 Bf5 42. g4 Bb1 43. h6 Bg6 44. h7
Bxh7 45. Rxh7 Kc5 46. g5 b5 47. g6 Rc8 48. Rc7+ Rxc7 49. Bxc7 d4+ 50. Ke4 Kc6
51. Ba5 b4 52. g7 bxa3 53. g8=Q axb2 54. Qxe6+ Kb7 55. Qb6+ Ka8 56. Qc6+ Ka7
57. Bb6+ Kb8 58. Qc7+ Ka8 59. Qc8# 1-0

[Event "Superturnier"]
[Site "Computer"]
[Date "2021.10.14"]
[Round "2"]
[White "Mephisto Berlin Pro 68020"]
[Black "Saitek RISC 2500 v1.04"]
[Result "1/2-1/2"]
[WhiteElo "2200"]
[BlackElo "2200"]
[Annotator "Pillen,Markus"]
[PlyCount "293"]
[EventDate "2021.??.??"]

{[%evp 0,126,23,27,37,49,72,79,61,61,68,49,96,86,59,59,58,51,35,43,22,37,30,
-13,52,32,22,30,26,26,0,0,-9,7,-14,-15,-25,-49,-31,-31,-43,-11,-59,-83,-65,
-111,-37,-124,9,2,28,10,14,-1,60,77,66,76,105,105,114,93,193,184,160,151,310,
308,246,260,243,204,208,208,235,235,235,192,173,184,184,186,185,128,194,188,
203,163,162,162,234,243,234,164,158,178,179,95,183,112,107,101,146,146,146,91,
92,76,130,98,113,86,98,91,111,115,105,115,105,104,152,120,112,62,60,0,0,126,
117]} 1. e4 d5 2. exd5 Qxd5 3. Nc3 Qa5 4. d4 Nf6 5. Nf3 c6 6. Bc4 Bf5 7. O-O e6
8. Re1 Nbd7 9. Nh4 Bg4 10. f3 Bh5 11. Bd2 Qc7 12. g4 Bg6 13. Bg5 O-O-O 14. Qd2
Nb6 15. Bb3 Bc5 16. Ne2 Bd6 17. Nf4 c5 18. Bxe6+ fxe6 19. Nxe6 Qf7 20. Nxg6
Qxg6 21. Nxd8 Rxd8 22. c3 h6 23. Bf4 Nfd5 24. Bxd6 Qxd6 25. dxc5 Qxc5+ 26. Qd4
Qc7 27. Rad1 a6 28. Re5 g6 29. Qe4 Qc6 30. Rd4 g5 31. Re6 Qc5 32. Rxh6 Qf8 33.
Re6 a5 34. c4 Nf6 35. Rc6+ bxc6 36. Qxc6+ Kb8 37. Qxb6+ Kc8 38. Qxa5 Nd7 39.
Qxg5 Qxf3 40. Qe7 Qb7 41. Qe6 Kc7 42. c5 Qc6 43. Qxc6+ Kxc6 44. b4 Re8 45. g5
Ne5 46. Rd6+ Kb5 47. Rb6+ Kc4 48. c6 Kd5 49. b5 Nf3+ 50. Kg2 Nxg5 51. a4 Ne6
52. Ra6 Rg8+ 53. Kf3 Rh8 54. Kg3 Rg8+ 55. Kf2 Rh8 56. Kg1 Rf8 57. Ra7 Kc5 58.
Rb7 Kd6 59. a5 Nc5 60. Rg7 Ne6 61. Rh7 Ra8 62. a6 Kc5 63. Rb7 Nd4 64. Kg2 Rg8+
65. Kf2 Nxb5 66. c7 Rf8+ 67. Kg3 Rc8 68. h4 Kc6 69. Rb8 Rxc7 70. h5 Ra7 71. Kg4
Rxa6 72. h6 Ra7 73. Kh5 Re7 74. Kg6 Re6+ 75. Kg7 Nd6 76. h7 Nf5+ 77. Kh8 Re2
78. Ra8 Kd5 79. Kg8 Rg2+ 80. Kf8 Rh2 81. Kf7 Nd6+ 82. Kg6 Rg2+ 83. Kf6 Rf2+ 84.
Kg7 Rg2+ 85. Kh6 Nf7+ 86. Kh5 Ke6 87. Rf8 Rg1 88. Rg8 Rh1+ 89. Kg6 Ke7 90. Rb8
Rg1+ 91. Kh5 Kf6 92. Rb4 Rf1 93. Rg4 Rh1+ 94. Rh4 Re1 95. Rf4+ Kg7 96. Rxf7+
Kxf7 97. h8=N+ Kf6 98. Ng6 Rf1 99. Nh4 Rf4 100. Ng2 Re4 101. Nh4 Rc4 102. Ng2
Ke5 103. Nh4 Ke4 104. Kg5 Rc5+ 105. Kg4 Rc7 106. Nf5 Rd7 107. Ng3+ Ke5 108. Ne2
Rd8 109. Kf3 Rd3+ 110. Kg4 Rb3 111. Ng3 Rb2 112. Kf3 Rb4 113. Nf1 Rf4+ 114. Ke2
Rh4 115. Kd3 Rd4+ 116. Kc3 Rf4 117. Nd2 Rf2 118. Kd3 Kd5 119. Ke3 Rg2 120. Ne4
Ke5 121. Kd3 Rg4 122. Nc3 Rg6 123. Kc4 Rg2 124. Kd3 Rg4 125. Ne2 Rb4 126. Nc3
Rb2 127. Kc4 Rd2 128. Kc5 Rd3 129. Kc4 Rd8 130. Ne2 Rd6 131. Nc3 Rd7 132. Nb5
Rd8 133. Nc3 Rd6 134. Kc5 Rd2 135. Kc4 Rf2 136. Kd3 Rf5 137. Ke3 Rf6 138. Ne2
Rf8 139. Nc1 Kd6 140. Nd3 Rf7 141. Kd4 Rf6 142. Ke4 Rf1 143. Nb2 Rc1 144. Kd4
Rc2 145. Nc4+ Ke7 146. Ne3 Rc6 147. Nc4 1/2-1/2

[Event "Superturnier"]
[Site "Computer"]
[Date "2021.10.14"]
[Round "2"]
[White "Saitek RISC 2500 v1.04"]
[Black "Mephisto RISC 1MB"]
[Result "1-0"]
[WhiteElo "2200"]
[BlackElo "2200"]
[Annotator "Pillen,Markus"]
[PlyCount "85"]
[EventDate "2021.??.??"]

{[%evp 0,85,27,27,30,36,32,33,1,-15,-9,-26,-26,-21,-8,-11,-7,-4,19,19,50,60,56,
65,60,56,77,58,85,93,106,80,45,52,30,50,58,-72,-47,-47,51,58,44,44,53,-72,-37,
-20,-64,0,0,0,192,137,210,235,194,136,283,173,321,297,451,203,530,616,732,782,
933,933,1022,1064,1102,1214,29987,29988,29989,29990,29991,29992,29993,29994,
29995,29996,29997,29998,29999,-30000]} 1. e4 e6 2. d4 d5 3. Nd2 Nf6 4. e5 Nfd7
5. f4 c5 6. c3 Nc6 7. Ndf3 cxd4 8. Nxd4 Nxd4 9. cxd4 f6 10. Bd3 Bb4+ 11. Bd2
Bxd2+ 12. Qxd2 fxe5 13. fxe5 Qh4+ 14. g3 Qg4 15. Qf2 Rf8 16. Qe3 Nb6 17. Rc1
Bd7 18. Ne2 Rf3 19. Qd2 Rf7 20. Nf4 g5 21. Be2 Qf5 22. Nd3 Nc4 23. Qc3 Qe4 24.
Nf2 Qg2 25. Rf1 Qxh2 26. b3 Nb6 27. Qe3 Kf8 28. Rc7 Qh6 29. a4 Qg6 30. a5 Nc8
31. Rxb7 Ke8 32. Bd3 Qh5 33. Rh1 Qf3 34. Qxf3 Rxf3 35. Rxh7 Ne7 36. Ng4 Rxd3
37. Nf6+ Kf8 38. Nxd7+ Kg8 39. Nf6+ Kf8 40. Rhxe7 Re3+ 41. Kd2 Re2+ 42. Kxe2
Rb8 43. Rf7# 1-0

[Event "Superturnier"]
[Site "Computer"]
[Date "2021.10.15"]
[Round "2"]
[White "Fidelity Excel 68020 Mach IV"]
[Black "Mephisto Berlin Pro 68020"]
[Result "1/2-1/2"]
[WhiteElo "2200"]
[BlackElo "2200"]
[Annotator "Pillen,Markus"]
[PlyCount "147"]
[EventDate "2021.??.??"]

{[%evp 0,147,27,27,51,39,45,44,31,21,45,49,31,40,54,42,43,32,47,37,30,21,24,28,
18,9,13,16,15,1,6,-1,-3,-7,-11,-10,-9,-3,-4,-4,-5,-3,8,9,13,9,9,-18,0,-4,0,0,
35,0,-13,-8,0,-56,-48,-49,-84,-84,-37,-40,-43,-74,-48,-40,-50,-43,-19,-14,-19,
-31,-44,-38,-38,-34,-43,-42,-33,-34,-23,-34,-30,-48,-49,-69,-65,-72,-64,-61,
-49,-95,-101,-125,-126,-118,-113,-113,-113,-113,-113,-113,-113,-124,-123,-124,
-115,-120,-6,0,0,0,0,0,0,0,0,0,0,0,0,0,0,0,0,0,0,0,0,0,0,0,0,0,0,0,0,0,0,0,0,0,
0,0,0,0,0,0]} 1. e4 c5 2. Nf3 Nc6 3. d4 cxd4 4. Nxd4 Nf6 5. Nc3 d6 6. Bg5 e6 7.
Qd2 a6 8. O-O-O h6 9. Bf4 Bd7 10. Nxc6 Bxc6 11. f3 d5 12. exd5 Nxd5 13. Nxd5
Qxd5 14. Kb1 Qxd2 15. Rxd2 Be7 16. Bd3 Bg5 17. Bxg5 hxg5 18. h3 Rd8 19. Rhd1
Ke7 20. b3 Rd6 21. c4 Rhd8 22. Kc1 a5 23. c5 Rd5 24. Bc4 Rxd2 25. Rxd2 Bd5 26.
Bb5 Rc8 27. Rc2 e5 28. Kd2 e4 29. Ke3 exf3 30. gxf3 Be6 31. Bf1 Kf6 32. Rc3 Bf5
33. a3 Be6 34. Kf2 Rc7 35. b4 Ke5 36. bxa5 Kd4 37. Rd3+ Kxc5 38. Rc3+ Kd6 39.
Rxc7 Kxc7 40. Kg3 Bc8 41. Bc4 f6 42. Bd3 Kd6 43. Bb5 Ke5 44. Bc4 Kd4 45. Bf7
Bf5 46. Be8 Kc4 47. Ba4 Kc3 48. Bb5 Kb3 49. a4 Kb4 50. a6 bxa6 51. Bxa6 Kxa4
52. h4 gxh4+ 53. Kxh4 Kb4 54. Kg3 g5 55. f4 Kc3 56. fxg5 fxg5 57. Bf1 Kd4 58.
Bh3 Ke5 59. Bxf5 Kxf5 60. Kf3 g4+ 61. Kg2 Kf4 62. Kf2 g3+ 63. Kg1 Kg4 64. Kg2
Kh4 65. Kg1 Kh5 66. Kf1 Kg5 67. Kg1 Kf4 68. Kg2 Kg4 69. Kg1 Kf3 70. Kf1 Ke3 71.
Kg2 Kf4 72. Kg1 Ke3 73. Kg2 Ke2 74. Kxg3 1/2-1/2